000 00478nmm a2200157Ia 4500
008 251105s9999||||xx |||||||||||||||||und||
020 _a9788431521813
041 _aspa
100 _aTomalini, Maddalena
245 0 _aRecetas secretas para hacer licores en casa
264 _a[Madrid, España] :
_bDe Vecchi,
_c[Fecha de publicación no identificada]
300 _a0 páginas
650 _aCooking
856 _uhttps://public.digitaliapublishing.com/a/122631
942 _cCF
999 _c81018
_d81018